[Event "London Classic Open 2018"]
[Site "London ENG"]
[Date "2018.12.13"]
[Round "5.72"]
[White "Dauletova, Gulmira"]
[Black "Mihailidou, Magdalini"]
[Result "1-0"]
[WhiteTitle "WIM"]
[WhiteElo "2261"]
[BlackElo "1754"]
[WhiteFideId "13702971"]
[BlackFideId "25801236"]
[EventDate "2018.12.09"]

1. e4 e5 2. Nf3 Nc6 3. Bb5 a6 4. Ba4 Nge7 5. Bb3 Ng6 6. d4 exd4 7. Nxd4 Qh4 8.
O-O Bd6 9. g3 Qh3 10. Nf5 Nce5 11. Nxd6+ cxd6 12. f3 h5 13. Nc3 b5 14. a4 b4 15.
Nd5 O-O 16. a5 Rb8 17. Ra4 Bb7 18. Rxb4 Bxd5 19. Rxb8 Rxb8 20. Bxd5 Rb5 21. Bd2
Rxb2 22. Bb3 h4 23. Be1 Kh7 24. Qe2 Rb1 25. Qg2 Qxg2+ 26. Kxg2 hxg3 27. hxg3 Kg8
28. Kf2 Ne7 29. f4 Nd3+ 30. cxd3 Rxb3 31. Ke2 Nc6 32. Bf2 Rb2+ 33. Ke3 Ra2 34.
Rb1 Nxa5 35. Rb8+ Kh7 36. Rd8 Nb7 37. Rxd7 Rb2 38. Rxf7 a5 39. Kf3 Kg6 40. Rxg7+
Kxg7 41. Bd4+ Kg6 42. Bxb2 a4 43. Ke3 Kh5 44. f5 Kg4 45. Kd4 Nd8 46. Kd5 Nf7 47.
Ke6 Ne5 48. f6 Ng6 49. Kxd6 Kxg3 50. e5 Nf4 51. e6 Nxd3 52. Ba3 1-0

[Event "London Classic Open 2018"]
[Site "London ENG"]
[Date "2018.12.13"]
[Round "5.73"]
[White "Tombolis, Christopher"]
[Black "Ethelontis, Alexandros N"]
[Result "0-1"]
[WhiteElo "1898"]
[BlackElo "2187"]
[WhiteFideId "433691"]
[BlackFideId "405469"]
[EventDate "2018.12.09"]

1. d4 e6 2. Nf3 Nf6 3. c4 c5 4. d5 exd5 5. cxd5 g6 6. Nc3 d6 7. e4 Bg7 8. Be2
O-O 9. O-O Bg4 10. Nd2 Bxe2 11. Qxe2 Nbd7 12. Nc4 Nb6 13. Bg5 Re8 14. Ne3 h6 15.
Bxf6 Qxf6 16. a4 Qe7 17. a5 Nd7 18. Nb5 Nf6 19. f3 a6 20. Na3 Nh5 21. g3 f5 22.
Nec4 Rad8 23. Rae1 Nf6 24. Nd2 Qe5 25. Nac4 Qd4+ 26. Qf2 Qxf2+ 27. Kxf2 fxe4 28.
Nxe4 Nxd5 29. Nexd6 Bd4+ 30. Kg2 Ne3+ 31. Rxe3 Rxe3 32. Nxe3 Rxd6 33. Nc4 Re6
34. b3 Re2+ 35. Kh3 Kg7 36. Rb1 Kf6 37. Nd6 Re7 38. Ne4+ Ke5 39. Rc1 Kd5 40. Kg2
g5 41. h3 Re6 42. Rd1 b5 43. axb6 Rxb6 44. Rd3 Re6 45. Rd2 Rb6 46. Rd3 a5 47.
Kf1 Rb4 48. Ke2 Ke5 49. Kd1 a4 50. bxa4 Rxa4 51. Rb3 Ra1+ 52. Ke2 Rh1 53. Rb6
Kd5 54. Rb8 Rh2+ 55. Kf1 Kc4 56. Ra8 Rh1+ 57. Kg2 Rg1+ 58. Kh2 Ra1 59. Rb8 Ra2+
60. Kh1 Kd3 61. Rb3+ Kc2 62. Rb5 c4 63. Rb4 Kd3 64. Nd6 Bc5 65. Rxc4 Bxd6 66.
Rc6 Bxg3 67. Rxh6 Ke3 68. Rb6 Kxf3 69. Rb3+ Kf2 70. Rb1 Be5 71. h4 g4 72. h5 g3
73. Rg1 Ra1 74. Rxa1 g2# 0-1

[Event "London Classic Open 2018"]
[Site "London ENG"]
[Date "2018.12.13"]
[Round "5.75"]
[White "Prior, Stephen C V"]
[Black "Royal, Shreyas"]
[Result "1-0"]
[BlackTitle "CM"]
[WhiteElo "2065"]
[BlackElo "1930"]
[WhiteFideId "423378"]
[BlackFideId "448869"]
[EventDate "2018.12.09"]

1. d4 Nf6 2. Bf4 e6 3. e3 c5 4. c3 b6 5. Nf3 Bb7 6. Be2 cxd4 7. exd4 Be7 8. O-O
O-O 9. Nbd2 d6 10. h3 Nbd7 11. Re1 Qc7 12. Bf1 Rac8 13. Qc2 a6 14. a4 Rfe8 15.
Bh2 Nf8 16. Ng5 Ng6 17. Nge4 Nxe4 18. Nxe4 e5 19. dxe5 dxe5 20. Ng3 Qc6 21. Nf5
Bc5 22. Qe2 Qf6 23. Ne3 Nf4 24. Qg4 Rcd8 25. Qf5 Bxe3 26. Qxf6 Bxf2+ 27. Kxf2
gxf6 28. Bxf4 exf4 29. Rxe8+ Rxe8 30. Rd1 Bc6 31. Rd4 b5 32. axb5 axb5 33. Rxf4
Kg7 34. Rg4+ Kf8 35. Rd4 Re5 36. Bd3 h6 37. g3 Ke7 38. Rh4 h5 39. Be2 Rf5+ 40.
Ke3 Re5+ 41. Kd2 Rg5 42. Rxh5 Rxg3 43. Bxb5 Bxb5 44. Rxb5 Rxh3 45. b4 Ke6 46.
Rc5 Rh2+ 47. Ke3 f5 48. b5 Rb2 49. c4 Rb3+ 50. Kf4 Rd3 51. Rc6+ Ke7 52. Kxf5 Rd7
53. b6 Rb7 54. c5 Kd7 55. Rf6 Ke7 56. Ke5 Rb8 57. Rd6 Rb7 58. Kd5 Rb8 59. Kc6
Rc8+ 60. Kb5 f5 61. Rd1 f4 62. b7 Rb8 63. Kb6 f3 64. c6 f2 65. c7 1-0

[Event "London Classic Open 2018"]
[Site "London ENG"]
[Date "2018.12.13"]
[Round "5.76"]
[White "Jukes, Sam"]
[Black "Bin-Suhayl, Ieysaa"]
[Result "1-0"]
[WhiteElo "1888"]
[BlackElo "2038"]
[WhiteFideId "1803182"]
[BlackFideId "429031"]
[EventDate "2018.12.09"]

1. e4 c5 2. Nf3 e6 3. d4 cxd4 4. Nxd4 Nc6 5. c4 Nf6 6. Nc3 Bb4 7. Nxc6 dxc6 8.
Qxd8+ Kxd8 9. f3 e5 10. Bd2 a5 11. Bd3 Kc7 12. Ke2 Be6 13. b3 h6 14. a3 Bc5 15.
Be3 Bxe3 16. Kxe3 Rhd8 17. Rhd1 Nd7 18. Bc2 Nb6 19. c5 Nd7 20. b4 b6 21. Ba4
axb4 22. axb4 bxc5 23. b5 Nb6 24. Rxd8 Kxd8 25. bxc6 Bb3 26. Rb1 Nc4+ 27. Kd3
Bxa4 28. Kxc4 Bxc6 29. Kxc5 Rc8 30. Kd6 Ba8 31. Ra1 f6 32. Ke6 Ke8 33. Nb5 Kf8
34. Nc7 Bb7 35. Kd7 Rb8 36. Ne6+ Kf7 37. Nd8+ Kg6 38. Ra7 Bxe4 39. fxe4 Rb2 40.
Ne6 Rxg2 41. Ke8 Rxh2 42. Rxg7+ Kh5 43. Kf7 Rf2 44. Rg6 Re2 45. Ng7+ Kh4 46.
Nf5+ Kh3 47. Rxh6+ Kg4 48. Nd6 f5 49. exf5 Rd2 50. Ke6 Kg5 51. Ne4+ Kxh6 52.
Nxd2 Kg7 53. Ne4 1-0

[Event "London Classic Open 2018"]
[Site "London ENG"]
[Date "2018.12.13"]
[Round "5.77"]
[White "Yoon, Jacob D"]
[Black "Kender, Robert"]
[Result "1-0"]
[WhiteElo "2009"]
[BlackElo "1850"]
[WhiteFideId "446076"]
[BlackFideId "2064170"]
[EventDate "2018.12.09"]

1. e4 c5 2. Nf3 d6 3. d4 cxd4 4. Nxd4 Nf6 5. Nc3 a6 6. Bg5 Nbd7 7. f4 h6 8. Bh4
Qc7 9. Qf3 Rb8 10. O-O-O b5 11. g4 b4 12. Nd5 Nxd5 13. exd5 Bb7 14. Bg2 Rc8 15.
Qf2 Qa5 16. Kb1 Bxd5 17. Bxd5 Qxd5 18. Nf5 Qc6 19. Nxd6+ exd6 20. Rhe1+ Ne5 21.
fxe5 d5 22. e6 fxe6 23. Qf5 Kd7 24. Qf7+ 1-0

[Event "London Classic Open 2018"]
[Site "London ENG"]
[Date "2018.12.13"]
[Round "5.78"]
[White "Jones, Tibor"]
[Black "Burke, John S"]
[Result "1/2-1/2"]
[WhiteElo "1860"]
[BlackElo "1980"]
[WhiteFideId "2405288"]
[BlackFideId "404322"]
[EventDate "2018.12.09"]

1. d4 d5 2. c4 e6 3. Nc3 Nf6 4. Nf3 Be7 5. Bf4 Nbd7 6. Nb5 Bb4+ 7. Nd2 e5 8.
dxe5 Ne4 9. a3 Bxd2+ 10. Bxd2 Nxe5 11. cxd5 O-O 12. Nc3 Nd6 13. e4 Ng6 14. Bd3
f5 15. O-O fxe4 16. Nxe4 Nxe4 17. Bxe4 Bf5 18. f3 Qd7 19. Bc3 Nf4 20. Be5 Ng6
21. Bg3 Rae8 22. Qc2 Rf7 23. Rac1 Bxe4 24. fxe4 Rfe7 25. Rfe1 Kh8 26. Qxc7 Qb5
27. Qc5 Qxc5+ 28. Rxc5 Kg8 29. d6 Rd7 30. e5 Kf7 31. Re3 Ke6 32. Kf2 Rf8+ 33.
Ke2 Nf4+ 34. Bxf4 Rxf4 35. Kd3 Rf8 36. Rc4 Rf2 37. Rc2 Rf8 38. Rf3 Rxf3+ 39.
gxf3 Kxe5 1/2-1/2

[Event "London Classic Open 2018"]
[Site "London ENG"]
[Date "2018.12.13"]
[Round "5.79"]
[White "Shivika Rohilla"]
[Black "Mueller, Jens"]
[Result "0-1"]
[WhiteElo "1780"]
[BlackElo "1961"]
[WhiteFideId "45015414"]
[BlackFideId "16251016"]
[EventDate "2018.12.09"]

1. e4 g6 2. d4 Bg7 3. Nf3 d6 4. Bd3 Nf6 5. O-O O-O 6. Be3 Ng4 7. Bg5 h6 8. Bh4
g5 9. Bg3 c5 10. c3 cxd4 11. cxd4 Nc6 12. h3 Nf6 13. Nbd2 Nh5 14. Bh2 Nf4 15.
Bxf4 gxf4 16. Nb3 a5 17. a4 e5 18. dxe5 Nxe5 19. Nxe5 Bxe5 20. Rb1 Qg5 21. Kh1
Kh8 22. Rg1 Qh4 23. Qf3 Rg8 24. Bf1 Bd7 25. Nd2 Rg7 26. Qe2 Rag8 27. Nf3 Qh5 28.
Nxe5 Qxe5 29. Qf3 Bxa4 30. b3 Bc6 31. Re1 f5 32. Qh5 fxe4 33. Qxe5 dxe5 34. Bc4
Rd8 35. Rd1 Rgd7 36. Rxd7 Rxd7 37. Ra1 b5 38. Be6 Rd6 39. Bg4 a4 40. bxa4 bxa4
41. Bd1 Rd4 42. Kg1 Kg7 43. Kf1 Bb5+ 44. Ke1 Rb4 45. Ra3 Kf6 46. g3 e3 47. gxf4
e2 48. fxe5+ Kxe5 49. Re3+ Re4 50. Bxa4 Bxa4 51. Kxe2 Rxe3+ 52. fxe3 Ke4 53. Kf2
Bd1 54. Kg3 Kxe3 55. Kh4 Ke4 56. Kg3 Kf5 57. Kh4 Kg6 58. Kg3 Kh5 59. Kg2 Kh4 60.
Kh2 Ba4 61. Kg1 Kxh3 62. Kh1 Bc6+ 63. Kg1 h5 64. Kf1 Kg3 65. Kg1 h4 66. Kf1 h3
67. Kg1 h2+ 68. Kf1 h1=Q+ 69. Ke2 Qf3+ 70. Ke1 Qf2+ 71. Kd1 Ba4+ 72. Kc1 Qc2# 0-1

[Event "London Classic Open 2018"]
[Site "London ENG"]
[Date "2018.12.13"]
[Round "5.80"]
[White "Finn, Peter"]
[Black "Nelson, Omowale"]
[Result "1-0"]
[WhiteElo "1820"]
[BlackElo "1956"]
[WhiteFideId "432156"]
[BlackFideId "7400209"]
[EventDate "2018.12.09"]

1. e4 c6 2. d4 d5 3. e5 Bf5 4. Nf3 e6 5. Be2 Ne7 6. Be3 c5 7. dxc5 Nec6 8. c4
Qa5+ 9. Qd2 Qxd2+ 10. Nbxd2 Nb4 11. Nd4 N8c6 12. Nxf5 exf5 13. O-O-O d4 14. Bf4
Nxa2+ 15. Kb1 Nab4 16. Nb3 O-O-O 17. g4 d3 18. Bf3 Nd4 19. Nxd4 Rxd4 20. Be3
Rxc4 21. gxf5 Bxc5 22. Rc1 Nc2 23. Bxc5 Rxc5 24. Rhd1 Kb8 25. Rxd3 Rhc8 26. Rd7
Na3+ 27. Ka2 Rb5 28. Rxb7+ Rxb7 29. Rxc8+ Kxc8 30. Bxb7+ Kxb7 31. Kxa3 Kc6 32.
h4 Kb5 33. h5 h6 34. Kb3 a6 35. f3 Kc5 36. Ka4 Kd5 37. f4 g6 38. e6 1-0

[Event "London Classic Open 2018"]
[Site "London ENG"]
[Date "2018.12.13"]
[Round "5.81"]
[White "De Coverly, Roger D"]
[Black "Jekel, Wolfgang"]
[Result "1-0"]
[WhiteElo "1951"]
[BlackElo "1723"]
[WhiteFideId "405213"]
[BlackFideId "4690370"]
[EventDate "2018.12.09"]

1. Nf3 d5 2. c4 c6 3. g3 Nf6 4. Bg2 Bg4 5. O-O e6 6. b3 Be7 7. Bb2 O-O 8. d3
Nbd7 9. Nbd2 Qc7 10. Rc1 Rad8 11. Qc2 Rfe8 12. a3 a5 13. Rfe1 Bf8 14. Qb1 Qb8
15. Qa1 e5 16. cxd5 cxd5 17. d4 e4 18. Ne5 e3 19. fxe3 Nxe5 20. dxe5 Nd7 21. Nf3
Bxf3 22. exf3 Nxe5 23. Rcd1 Bc5 24. Bd4 Bxd4 25. Qxd4 Nc6 26. Qc5 d4 27. e4 Qe5
28. Qxe5 Rxe5 29. Rd3 Rc5 30. f4 h5 31. e5 g6 32. Red1 Kf8 33. Bxc6 Rxc6 34.
Rxd4 Rxd4 35. Rxd4 Rc3 36. Rd5 Rxb3 37. Rxa5 Ke7 38. Kg2 Rb2+ 39. Kh3 Ke6 40. a4
Ra2 41. Rb5 Rxa4 42. Rb6+ Ke7 43. Rxb7+ Ke6 44. Kh4 Ra2 45. h3 Ra3 46. Rb6+ Ke7
47. g4 hxg4 48. hxg4 Ra4 49. Kg5 Ra1 50. Kh6 Rf1 51. Rf6 Kf8 52. e6 Kg8 53.
exf7+ Kf8 54. Kxg6 Re1 55. Kf5 Re2 56. g5 Rg2 57. g6 Rg1 58. Ra6 1-0

[Event "London Classic Open 2018"]
[Site "London ENG"]
[Date "2018.12.13"]
[Round "5.83"]
[White "Fowler, Hugo"]
[Black "Semprun Martinez, Fernando"]
[Result "0-1"]
[WhiteElo "1799"]
[BlackElo "2091"]
[WhiteFideId "433411"]
[BlackFideId "2203170"]
[EventDate "2018.12.09"]

1. e4 c5 2. c3 Nf6 3. e5 Nd5 4. d4 cxd4 5. Nf3 Nc6 6. Bc4 Nb6 7. Bb3 d5 8. exd6
Qxd6 9. O-O Be6 10. Na3 Bxb3 11. Qxb3 e6 12. Nb5 Qd7 13. Rd1 Na5 14. Ne5 Nxb3
15. Nxd7 Nxa1 16. Nxb6 Rd8 17. Nc7+ Ke7 18. Nc4 dxc3 19. Re1 Nc2 20. Bg5+ f6 21.
Rxe6+ Kf7 22. Ne5+ fxe5 23. Bxd8 cxb2 0-1

[Event "London Classic Open 2018"]
[Site "London ENG"]
[Date "2018.12.13"]
[Round "5.84"]
[White "Davison, Chris"]
[Black "Mazur, Maciej"]
[Result "1-0"]
[WhiteElo "2068"]
[BlackElo "1772"]
[WhiteFideId "407801"]
[BlackFideId "21031150"]
[EventDate "2018.12.09"]

1. Nf3 Nf6 2. c4 e6 3. g3 c5 4. Bg2 Nc6 5. O-O d5 6. cxd5 exd5 7. d4 cxd4 8.
Nxd4 Bc5 9. Nc2 O-O 10. Bg5 Bg4 11. Nc3 d4 12. Nd5 Re8 13. Qd2 Rxe2 14. Qf4 Nxd5
15. Qxg4 Qe8 16. Rae1 d3 17. Bxd5 Bxf2+ 18. Rxf2 Rxe1+ 19. Nxe1 Qxe1+ 20. Rf1 d2
21. Qd1 Qxd1 22. Rxd1 h6 23. Bxd2 Ne5 24. Bc3 Ng4 25. Bb3 Re8 26. Rd7 Ne5 27.
Rxb7 Nf3+ 28. Kf2 Ng5 29. h4 Ne4+ 30. Kg2 Nc5 31. Bxf7+ Kf8 32. Bb4 Rc8 33. Be6
Rc6 34. Bd7 1-0

[Event "London Classic Open 2018"]
[Site "London ENG"]
[Date "2018.12.13"]
[Round "5.85"]
[White "Olarasu, Iuliana"]
[Black "Zhao, Haolin"]
[Result "1-0"]
[WhiteElo "2058"]
[BlackElo "1765"]
[WhiteFideId "1202103"]
[BlackFideId "428680"]
[EventDate "2018.12.09"]

1. d4 Nf6 2. c4 e6 3. Nf3 Bb4+ 4. Bd2 Qe7 5. a3 Bxd2+ 6. Nbxd2 Nc6 7. e3 d6 8.
Be2 a5 9. e4 e5 10. d5 Nb8 11. b4 O-O 12. O-O Bg4 13. Kh1 Na6 14. Rb1 Rfb8 15.
Ng1 Bxe2 16. Qxe2 c6 17. g3 cxd5 18. cxd5 Rc8 19. Nc4 Qc7 20. Nxa5 b6 21. Nc6
Nb8 22. Rfc1 Nxc6 23. Rxc6 Qd8 24. Rbc1 Rxc6 25. Rxc6 Qb8 26. Qc2 Kf8 27. a4 Ke7
28. Rc7+ Nd7 29. Qc6 Qd8 30. Rxd7+ Qxd7 31. Qxa8 1-0

[Event "London Classic Open 2018"]
[Site "London ENG"]
[Date "2018.12.13"]
[Round "5.86"]
[White "Volovich, Julia"]
[Black "Skinner, Nicholas H"]
[Result "0-1"]
[WhiteElo "1772"]
[BlackElo "2028"]
[WhiteFideId "447099"]
[BlackFideId "448060"]
[EventDate "2018.12.09"]

1. d4 Nf6 2. c4 e6 3. Nc3 Bb4 4. Qc2 O-O 5. a3 Bxc3+ 6. Qxc3 b5 7. cxb5 c6 8.
bxc6 Nxc6 9. g3 Qb6 10. Nf3 Bb7 11. Be3 Nd5 12. Qd2 Na5 13. Qd3 Nb3 14. Rd1 Rac8
15. Bg2 Nxe3 16. fxe3 f5 17. d5 Bxd5 18. Kf2 Nc5 19. Qd4 Ne4+ 20. Kf1 Qb7 21.
Ne1 Rc4 22. Qd3 Rfc8 23. Qb1 Qb6 24. Rxd5 exd5 25. Qd3 Qc6 26. Bf3 Rc1 27. Kg2
Qc4 28. b3 Qc6 29. Qd4 Qc5 30. Nd3 Qxd4 31. Rxc1 Rxc1 32. exd4 Rc3 33. Nb4 Rxb3
34. Nxd5 Kf8 35. g4 Ng5 36. gxf5 Nxf3 37. exf3 Rxa3 38. f6 g6 39. f4 Rd3 40. f5
gxf5 41. Ne7 Rxd4 42. Nxf5 Rf4 0-1

[Event "London Classic Open 2018"]
[Site "London ENG"]
[Date "2018.12.13"]
[Round "5.87"]
[White "De Lagontrie, Jean"]
[Black "Millward, Kevin P"]
[Result "0-1"]
[WhiteElo "1742"]
[BlackElo "2012"]
[WhiteFideId "605271"]
[BlackFideId "404721"]
[EventDate "2018.12.09"]

1. d4 d6 2. c4 e5 3. Nf3 e4 4. Ng5 f5 5. g3 Be7 6. Nh3 Nf6 7. Bg2 O-O 8. Nc3 c6
9. e3 Kh8 10. Bd2 Be6 11. b3 a5 12. Nf4 Bf7 13. f3 exf3 14. Bxf3 Na6 15. O-O Nc7
16. Qe2 d5 17. c5 Ne4 18. Na4 Nxd2 19. Qxd2 Ne8 20. Nb6 Ra7 21. Nd3 Nf6 22. Ne5
Be6 23. Rf2 Qe8 24. a3 Bd8 25. Na4 Bc7 26. Nd3 Bd7 27. Re1 Qe7 28. Nc3 Raa8 29.
Rfe2 g5 30. Nf2 h6 31. Ncd1 Kg7 32. Qb2 Rh8 33. Nd3 Rhe8 34. N3f2 Rh8 35. Nd3
Rhe8 36. N3f2 h5 37. Nd3 Kg6 38. Rg2 Kh6 39. b4 axb4 40. axb4 b5 41. Qd2 Ne4 42.
Bxe4 dxe4 43. Ne5 Bxe5 44. dxe5 Ra4 45. Nb2 Ra6 46. Qd6+ Qxd6 47. exd6 Rea8 48.
Rd2 Ra3 49. Ree2 Rb3 50. Nd1 Rxb4 51. Ra2 Rba4 52. Nc3 Ra3 53. Rxa3 Rxa3 54. Ra2
Rxc3 55. Ra7 Rxc5 56. Rxd7 Rd5 57. h4 g4 58. Rd8 Kg7 59. Rd7+ Kf6 60. Rh7 Rxd6
61. Rxh5 b4 62. Rh8 c5 0-1

[Event "London Classic Open 2018"]
[Site "London ENG"]
[Date "2018.12.13"]
[Round "5.88"]
[White "Lane, Ryan"]
[Black "Newton, Andrew"]
[Result "1-0"]
[WhiteElo "1723"]
[BlackElo "1948"]
[WhiteFideId "3227332"]
[BlackFideId "2403285"]
[EventDate "2018.12.09"]

1. e4 c5 2. Nf3 d6 3. d4 cxd4 4. Qxd4 Nc6 5. Bb5 Bd7 6. Qd3 Nf6 7. c4 g6 8. Nc3
Bg7 9. O-O O-O 10. Bg5 a6 11. Bxc6 Bxc6 12. Rad1 Nd7 13. Rfe1 Nc5 14. Qc2 Bxc3
15. Qxc3 Nxe4 16. Qe3 Nxg5 17. Nxg5 Qa5 18. a3 Rfe8 19. b4 Qf5 20. Rd4 h6 21.
Ne4 Kg7 22. Ng3 Qd7 23. Rh4 g5 24. Rd4 f5 25. Qd3 Kg6 26. Nxf5 Kf6 27. Nxe7 Rxe7
28. Rxd6+ Re6 29. Rexe6+ Qxe6 30. Rxe6+ Kxe6 31. Qg6+ Kd7 32. Qxh6 Re8 33. h3 1-0

[Event "London Classic Open 2018"]
[Site "London ENG"]
[Date "2018.12.13"]
[Round "5.90"]
[White "Cowan, Richard M"]
[Black "Chilton, James I"]
[Result "1-0"]
[WhiteElo "1894"]
[BlackElo "1738"]
[WhiteFideId "419524"]
[BlackFideId "423009"]
[EventDate "2018.12.09"]

1. Nf3 c5 2. g3 d5 3. Bg2 Bg4 4. Ne5 Nf6 5. c4 Nc6 6. Nxg4 Nxg4 7. cxd5 Nce5 8.
O-O g6 9. b4 Bg7 10. bxc5 Nxh2 11. Qa4+ Qd7 12. c6 bxc6 13. dxc6 Nef3+ 14. exf3
Qc7 15. Kxh2 Bxa1 16. d4 e5 17. Re1 O-O 18. Rxe5 Qb6 19. Rb5 Qxc6 20. Ba3 Rab8
21. Rxb8 Qxa4 22. Bxf8 h5 23. d5 h4 24. Nd2 hxg3+ 25. fxg3 f5 26. f4 Qd1 27. Nf3
Qxd5 28. Bh6+ 1-0

[Event "London Classic Open 2018"]
[Site "London ENG"]
[Date "2018.12.13"]
[Round "5.91"]
[White "Spina, Simonpietro"]
[Black "Kalkowski, Igor"]
[Result "0-1"]
[WhiteElo "1881"]
[BlackElo "1716"]
[WhiteFideId "882453"]
[BlackFideId "21833966"]
[EventDate "2018.12.09"]

1. e4 c5 2. Nf3 g6 3. d4 cxd4 4. Nxd4 Nc6 5. Be2 Bg7 6. Be3 Nf6 7. Nc3 Qa5 8.
Nb3 Qc7 9. O-O O-O 10. f4 d6 11. Kh1 Be6 12. g4 Rfd8 13. g5 Ne8 14. f5 Bxb3 15.
axb3 e6 16. f6 Bf8 17. Qe1 Ne5 18. Qf2 b6 19. Bf4 Qb7 20. Qh4 Qc6 21. Qg3 Nc7
22. h4 Rd7 23. Rf2 a6 24. Rh2 b5 25. h5 Rb8 26. Rf1 b4 27. Bxe5 dxe5 28. hxg6
fxg6 29. f7+ Rxf7 30. Rxf7 Kxf7 31. Qf3+ Kg8 32. Qh3 Qd7 33. Nd5 Nxd5 34. exd5
Qxd5+ 35. Bf3 Qd7 36. Bg4 Re8 37. Rf2 Bg7 38. Qe3 Qd5+ 39. Bf3 Qd4 40. Qe2 Qh4+
41. Rh2 Qxg5 42. Qc4 Qc1+ 43. Kg2 Qd2+ 44. Kh3 Qd6 45. Rh1 Qb6 46. Rd1 Kh8 47.
Rd7 Rf8 48. Kg2 Qe3 49. Rd3 Qg5+ 50. Kf2 e4 51. Qxe4 Qc5+ 52. Qe3 Qxc2+ 53. Rd2
Qf5 54. Kg2 e5 0-1

[Event "London Classic Open 2018"]
[Site "London ENG"]
[Date "2018.12.13"]
[Round "5.92"]
[White "Sentissi, Yassine"]
[Black "Newbry, Benjamin J"]
[Result "1/2-1/2"]
[WhiteElo "1571"]
[BlackElo "1875"]
[WhiteFideId "9011951"]
[BlackFideId "30924634"]
[EventDate "2018.12.09"]

1. e4 b6 2. d4 Bb7 3. Bd3 Nf6 4. Qe2 Nc6 5. c3 e5 6. d5 Ne7 7. Nf3 Ng6 8. O-O
Bc5 9. b4 Bd6 10. Nbd2 c6 11. Nc4 Qe7 12. dxc6 dxc6 13. Nxd6+ Qxd6 14. Rd1 O-O
15. Bg5 h6 16. Bc4 Qe7 17. Bxf6 Qxf6 18. Qe3 Rad8 19. a4 Bc8 20. h3 Rxd1+ 21.
Rxd1 Rd8 22. Rxd8+ Qxd8 23. Kh2 Kf8 24. a5 Ke7 25. axb6 axb6 26. Qd2 Qxd2 27.
Nxd2 Be6 28. Kg3 Nf4 29. Kf3 f6 30. h4 h5 31. Bxe6 Nxe6 32. g3 Kd6 33. Nc4+ Kc7
34. Ne3 b5 35. Nf5 c5 36. bxc5 Kc6 37. Ke3 Kxc5 38. Kd3 g6 39. Ne7 g5 40. Ng8
gxh4 41. gxh4 Nf4+ 42. Kd2 Nh3 43. Nxf6 Nxf2 44. Ke2 Nh3 45. Nxh5 Kc4 46. Kd2
Ng1 47. Nf6 Nf3+ 48. Kc2 Nxh4 49. Ng4 Ng6 50. Ne3+ Kc5 51. Kb3 Nf8 52. Ng4 Nd7
53. Nh6 Nb6 54. Nf5 Nc4 55. Kc2 Nd6 56. Kd3 Nc4 57. Ne7 Nb2+ 58. Kc2 Na4 59. Nf5
Kc6 60. Kd2 Kc5 61. Kc2 Kc4 62. Ne3+ Kc5 63. Nf5 Kb6 64. Nh6 Nc5 65. Nf7 Nd7 66.
Kb2 Ka5 67. Ka3 Nc5 68. Nxe5 Nxe4 69. Nc6+ Kb6 70. Nd4 1/2-1/2

[Event "London Classic Open 2018"]
[Site "London ENG"]
[Date "2018.12.13"]
[Round "5.93"]
[White "Vachtfeidl, Petr"]
[Black "Basnayake, I U"]
[Result "0-1"]
[BlackTitle "WCM"]
[WhiteElo "1861"]
[BlackElo "1692"]
[WhiteFideId "315028"]
[BlackFideId "9901698"]
[EventDate "2018.12.09"]

1. d4 Nf6 2. c4 e6 3. Nc3 c5 4. d5 exd5 5. cxd5 d6 6. e4 g6 7. Bd3 Bg7 8. h3 O-O
9. Nf3 Na6 10. O-O Nc7 11. Re1 Re8 12. a4 h6 13. Bf4 a6 14. Qd2 Kh7 15. Bc4 Nh5
16. Bh2 Bf6 17. e5 dxe5 18. Nxe5 Bxe5 19. Bxe5 Ne6 20. Rad1 Nf8 21. d6 Be6 22.
Nd5 Qh4 23. b3 Rac8 24. Nb6 Rc6 25. Bxe6 Nxe6 26. d7 Rg8 27. a5 Nd8 28. Bb2 Re6
29. Rxe6 Nxe6 30. Re1 Rd8 31. Qd5 Nhf4 32. Qxb7 Nd3 33. Qf3 Ndf4 34. Rxe6 fxe6
35. g3 Nxh3+ 36. Kf1 Qe7 37. Bf6 Qf7 38. Kg2 Ng5 39. Qf4 Rxd7 40. Nxd7 Qxd7 41.
Bb2 Qd5+ 42. f3 Qf5 43. Qc7+ Nf7 44. g4 Qc2+ 45. Kg3 Qxb2 46. Qxf7+ Qg7 47. Qxe6
Qc7+ 48. Kh3 Kg7 49. Qxa6 Qf7 50. Qd3 Qa7 51. a6 Qc7 52. Kg2 Qa5 53. Kf2 Qa2+
54. Ke3 Qa5 55. Ke4 Qb4+ 56. Kd5 Qb6 57. Qc3+ Kf7 58. Qxc5 Qxa6 59. Qc7+ Kf6 60.
Qd6+ Qxd6+ 61. Kxd6 h5 62. b4 h4 63. b5 h3 64. b6 h2 65. b7 h1=Q 66. Kd7 Qd1+
67. Kc8 Qc2+ 68. Kd7 Qb3 69. Kc8 Qe6+ 70. Kc7 Qe7+ 71. Kc8 Qc5+ 72. Kd7 Qb6 73.
Kc8 Qc6+ 74. Kb8 Qxf3 75. Kc7 Qf4+ 76. Kc8 Qxg4+ 77. Kd8 Qb4 78. Kc8 g5 79. b8=Q
Qxb8+ 80. Kxb8 g4 0-1

[Event "London Classic Open 2018"]
[Site "London ENG"]
[Date "2018.12.13"]
[Round "5.94"]
[White "Karia, Rishul"]
[Black "Cotter, Len"]
[Result "1-0"]
[WhiteElo "1851"]
[BlackElo "1651"]
[WhiteFideId "429384"]
[BlackFideId "431419"]
[EventDate "2018.12.09"]

1. e4 c5 2. Nc3 a6 3. g3 b5 4. Bg2 Bb7 5. d3 g6 6. Bd2 Bg7 7. Rb1 e6 8. f4 Ne7
9. Nf3 d6 10. O-O O-O 11. Ne2 d5 12. Nh4 Nbc6 13. f5 exf5 14. exf5 gxf5 15. Nf4
Ne5 16. Nh5 N5g6 17. Nxg7 Nxh4 18. gxh4 Kxg7 19. Qh5 Qd6 20. Qg5+ Kh8 21. Bf4
Qb6 22. Qxe7 Rae8 23. Qd6 Qa7 24. Be5+ Rxe5 25. Qxe5+ f6 26. Qe7 c4+ 27. Kh1 Qb8
28. Rxf5 1-0

[Event "London Classic Open 2018"]
[Site "London ENG"]
[Date "2018.12.13"]
[Round "5.95"]
[White "Lie, Terje"]
[Black "Viudes Serra, Aaron"]
[Result "0-1"]
[WhiteElo "1532"]
[BlackElo "1850"]
[WhiteFideId "1504916"]
[BlackFideId "2247658"]
[EventDate "2018.12.09"]

1. d4 d5 2. c4 c6 3. Nc3 Nf6 4. Nf3 e6 5. Bg5 Be7 6. e3 O-O 7. Qc2 Re8 8. Bd3
Nbd7 9. O-O Nf8 10. Ne5 Ng6 11. Nxg6 hxg6 12. cxd5 exd5 13. a3 Qd6 14. Bf4 Qe6
15. Rfe1 Nh5 16. Qd2 Nxf4 17. exf4 Qf6 18. Bf1 Bf5 19. Re5 Bd6 20. Rxe8+ Rxe8
21. g3 Bc7 22. Na4 Re4 23. Rd1 Bg4 24. Bg2 Bxd1 25. Bxe4 Bxa4 26. Bg2 Bb6 27.
Qb4 Qxd4 28. Qxd4 Bxd4 29. b4 Bb2 30. Bh3 Bxa3 31. f5 g5 32. g4 Bxb4 33. Bg2 a5
34. Bf3 Bb5 35. Bd1 a4 0-1

[Event "London Classic Open 2018"]
[Site "London ENG"]
[Date "2018.12.13"]
[Round "5.96"]
[White "Lochte, Szilvia"]
[Black "Megias, Eva"]
[Result "1-0"]
[WhiteElo "1843"]
[BlackElo "1638"]
[WhiteFideId "708410"]
[BlackFideId "465062"]
[EventDate "2018.12.09"]

1. c4 c5 2. g3 e6 3. Bg2 Nc6 4. Nc3 a6 5. Nf3 f5 6. d3 h6 7. e4 d6 8. Nh4 Nf6 9.
exf5 exf5 10. O-O Ne7 11. Re1 g5 12. Ng6 Rg8 13. Nxe7 Bxe7 14. Nd5 Nxd5 15. Bxd5
Rf8 16. Qh5+ Kd7 17. Qxh6 Kc7 18. Qg7 Re8 19. Bxg5 Kd7 20. Qf7 Ra7 21. Be6+ Kc7
22. Bxc8 Kxc8 23. Rxe7 Rxe7 24. Qxe7 Qxe7 25. Bxe7 Kd7 26. Re1 b5 27. Bf6 Kc6
28. Re7 Ra8 29. h4 Rf8 30. Bg7 Rg8 31. h5 d5 32. h6 Kd6 33. Ra7 1-0